000
00257nam a22001097a 4500
082
_a
005.7565 STU'D
100
_a
STULTZ, RUSSELL A
_9
61074
245
_a
ILLUSTRATED DBASE IV
260
_a
NEW DELHI
_b
BPB PUBLICATIONS
_c
1989
300
_a
503P
942
_c
BK
999
_c
570633
_d
570633